000 00827cam a2200217 i 4500
005 20251119102909.0
008 250721s2004 jo gr 000 0 ara d
082 1 4 _a210.7
_bح ا و
100 1 _aحاووط، سمر محمد
_eمؤلف.
245 1 0 _aصنعة التميز والإبداع :
_bرسالة إلى معلم القرآن /
_cتأليف سمر محمد حاووط ؛ راجعه الدكتور أحمد شكري.
250 _aالطبعة الثانية.
264 3 1 _aعمان :
_bجمعية المحافظة على القرآن،
_c2004.
300 _a220 صفحة.
650 1 7 _aالإسلام.
650 1 7 _aأحكام التجويد.
650 1 7 _aالتربية.
650 1 7 _aالتعلم.
650 1 7 _aالقرآن الكريم.
942 _2ddc
_cBK
999 _c90205
_d90205